Principles of heat transfer.
में बचाया:
| मुख्य लेखकों: | , |
|---|---|
| स्वरूप: | अज्ञात |
| प्रकाशित: |
Boston, USA:
Cengage Learning,
2018.
|
| संस्करण: | Eighth Edition. |
| विषय: | |
| टैग: |
टैग जोड़ें
कोई टैग नहीं, इस रिकॉर्ड को टैग करने वाले पहले व्यक्ति बनें!
|
MARC
| LEADER | 00000 a2200000 4500 | ||
|---|---|---|---|
| 003 | CL-VaPUC | ||
| 005 | 20250423125514.0 | ||
| 008 | 250423t2018 ||||| |||| 00| 0 eng d | ||
| 999 | |c 449057 |d 449055 | ||
| 020 | |a 978-1305387102 | ||
| 040 | |c Pontificia Universidad Católica de Valparaíso | ||
| 082 | 7 | |2 22 |a 621.4022 KRE 2018 | |
| 100 | |a Kreith, Frank |9 525458 |e author | ||
| 245 | |a Principles of heat transfer. | ||
| 250 | |a Eighth Edition. | ||
| 260 | |a Boston, USA: |b Cengage Learning, |c 2018. | ||
| 300 | |a xxi, 799 páginas : |b ilustraciones. | ||
| 583 | |k GC |c 20250423 | ||
| 650 | 0 | |a Transferencia de calor |9 336631 | |
| 700 | |a Manglik, Raj M. |e author |9 902325 | ||
| 942 | |n 1 |2 ddc |c BK | ||
| 952 | |0 0 |1 0 |2 ddc |4 0 |6 621_402200000000000_KRE_2018 |7 0 |8 A |9 602660 |a BIBING |b BIBING |d 2025-04-23 |e 1 |g 74332.00 |i 5667163 |o 621.4022 KRE 2018 |p 5667163 |r 2025-04-23 |t 1 |v 74332.00 |w 2025-04-23 |y BK |k EIQ | ||